|
|
|
|
| LEADER |
00000nam a22000007a 4500 |
| 005 |
20131014155918.0 |
| 007 |
cr|||| ||| |
| 008 |
131014c20139999ar |||| s|||| 0|||a1spa d |
| 035 |
|
|
|a 11573
|
| 040 |
|
|
|a vLex
|
| 090 |
|
|
|c 4555
|d 4555
|
| 245 |
0 |
0 |
|a Artc̕ulos Abatti & Rocca
|h [Recurso electrn̤ico]
|
| 256 |
|
|
|a Servicio en ln̕ea
|
| 260 |
|
|
|a Buenos Aires:
|b Estudio Abatti & Rocca,
|c 2013 -
|
| 300 |
|
|
|a 1 recurso electrn̤ico
|
| 310 |
|
|
|a Irregular
|
| 362 |
|
|
|a Nm︢. 1 (2013) -
|
| 506 |
1 |
|
|a Contenido solo disponible en los productos indicados
|d vLex Global
|d vLex Global (Academic Edition, excluding Law Schools)
|d vLex Global (U.S. Academic Edition, Law Schools)
|d vLex Global (U.S. Academic Edition, excluding Law Schools)
|d vLex Global (Academic Edition, Law Schools)
|
| 650 |
0 |
4 |
|a Derecho
|z Argentina
|
| 740 |
0 |
|
|a vLex Libros (Servicio en ln̕ea)
|
| 856 |
4 |
0 |
|u http://vlex.com/source/articulos-abatti-rocca-11573
|z Acceso restringido
|
| 942 |
|
|
|c REV
|
| 999 |
0 |
|
|a Law
|